Normal view
MARC view
Entry Personal Name
001 - CONTROL NUMBER
- control field: 14782
003 - CONTROL NUMBER IDENTIFIER
- control field: OSt
005 - DATE AND TIME OF LATEST TRANSACTION
- control field: 20210909104725.0
008 - FIXED-LENGTH DATA ELEMENTS
- fixed length control field: 210909|| aca||aabn | a|a d
040 ## - CATALOGING SOURCE
- Original cataloging agency: OSt
- Transcribing agency: OSt
100 ## - HEADING--PERSONAL NAME
- Personal name: Prescott, G. W.
- Fuller form of name: (Gerald Webber),
- Dates associated with a name: 1899-
670 ## - SOURCE DATA FOUND
- Source citation: Work cat.: (OSt)0: Prescott, G. W. (Gerald Webber), 1899-, How to know the freshwater algae /, c1978.
